[Event "Ch France (team) (nat.4) 2003/04"]
[Site "masterchessopen.com France"]
[Date "2003.12.13"]
[Round "3"]
[White "Blanchard Esteban (FRA)"]
[Black "Gueguen Mederic"]
[Result "1-0"]
[WhiteElo "1690"]
[BlackElo "1530"]

1.d4 Nf6 2.c4 e6 3.Nc3 Bb4 4.Qc2 d5 5.cxd5 exd5 6.Bg5 c6 7.e3 O-O 8.Bd3 Nbd7
9.Ne2 Re8 10.Bxh7+ Kh8 11.Bd3 Qc7 12.Bf4 Bd6 13.Bg3 Kg8 14.Rc1 b6 15.h4 c5
16.dxc5 Nxc5 17.Nb5 Qd7 18.Nxd6 Re6 19.Bf5 Qe7 20.Bxe6 Bxe6 21.Nf5 Qb7 22.b4
Nce4 23.Ned4 Rc8 24.Qb2 Rxc1+ 25.Qxc1 Qa6 26.Nxe6 fxe6 27.f3 Nxg3 28.Nxg3 Qd3
29.Qd2 Qb1+ 30.Kf2 Qg6 31.h5 Qh6 32.Qc2 Qg5 33.Qc8+ Kf7 34.Rc1 Nxh5 35.Nxh5
Qxh5 36.Rc7+ {#r} 1-0

[Event "It (open)"]
[Site "masterchessopen.com Nova Gorica (Slovenia)"]
[Date "2004.02.01"]
[Round "4"]
[White "Jelen Igor (SLO)"]
[Black "Delchev Aleksander (BUL)"]
[Result "0-1"]
[WhiteElo "2346"]
[BlackElo "2601"]

1.d4 Nf6 2.c4 e6 3.Nc3 Bb4 4.Qc2 d5 5.cxd5 exd5 6.Bg5 c5 7.a3 Bxc3+ 8.bxc3
Nbd7 9.f3 O-O 10.Bd2 Nb6 11.e3 Bd7 12.dxc5 Na4 13.Ne2 Rc8 14.Nd4 Rxc5 15.Bd3
Qe7 16.Kf2 Rfc8 17.Rac1 a6 18.Rhe1 b5 19.Kg1 R5c7 20.e4 dxe4 21.fxe4 Qe5
22.Nf3 Qc5+ 23.Be3 Qxa3 {#R} 0-1

[Event "Ch Brazil"]
[Site "masterchessopen.com Rio de Janeiro (Brazil)"]
[Date "2004.02.27"]
[Round "2"]
[White "Cavalcanti Francisco (BRA)"]
[Black "Lima Darcy (BRA)"]
[Result "0-1"]
[WhiteElo "2287"]
[BlackElo "2533"]

1.d4 Nf6 2.c4 e6 3.Nc3 Bb4 4.Qc2 d5 5.cxd5 exd5 6.Nf3 Nbd7 7.a3 Be7 8.Bg5 c6
9.e3 h6 10.Bxf6 Nxf6 11.Bd3 Bd6 12.h3 Qc7 13.O-O O-O 14.Rfc1 a6 15.b4 Re8
16.b5 cxb5 17.Qa2 Qd8 18.Nb1 Bd7 19.Nbd2 Bc6 20.Nb3 Ne4 21.Nc5 Qe7 22.a4 bxa4
23.Nxa4 Bxa4 24.Qxa4 Nxf2 25.Bb5 Qxe3 26.Re1 Nxh3+ 27.Kh1 Qg1+ {#R} 0-1

[Event "Ch Wales (major)"]
[Site "masterchessopen.com Cardiff (Wales)"]
[Date "2004.04.09"]
[Round "1"]
[White "Rees Gareth"]
[Black "Harley-Yeo Gareth (WLS)"]
[Result "1-0"]
[WhiteElo "2048"]
[BlackElo "2006"]

1.d4 Nf6 2.c4 e6 3.Nc3 Bb4 4.Qc2 d5 5.cxd5 exd5 6.Bg5 c6 7.e3 O-O 8.Bd3 Nbd7
9.Bxh7+ Kh8 10.Bf5 Qa5 11.Ne2 Ne4 12.Bf4 Ndf6 13.Bxc8 Raxc8 14.f3 Nxc3 15.bxc3
Be7 16.O-O Nh5 17.Be5 Qd8 18.Qf5 Nf6 19.Rab1 b6 20.g4 g6 21.Qf4 Kh7 22.Qg3 Ne8
23.Qh3+ Bh4 24.Nf4 Kg8 25.Ng2 Bf6 26.Qh6 Bg7 27.Bxg7 Nxg7 28.f4 Qd7 29.Qg5 Qd8
30.Qh6 Qd7 31.h3 c5 32.Nh4 Rc6 33.Nf3 Qe8 34.Ng5 {#r} 1-0

[Event "It (cat.13)"]
[Site "masterchessopen.com Zalaegerszeg (Hungary)"]
[Date "2004.04.29"]
[Round "6"]
[White "Acs Peter (HUN)"]
[Black "Balogh Csaba (HUN)"]
[Result "1-0"]
[WhiteElo "2521"]
[BlackElo "2527"]

{ } 1.d4 { 1 } 1...Nf6 2.c4 e6 3.Nc3 Bb4 4.Qc2 d5 5.cxd5 exd5 6.Bg5 h6 7.Bxf6
Qxf6 8.a3 Bxc3+ 9.Qxc3 O-O 10.e3 { = } 10...Bf5 ( 10...Nc6 11.b4 a6 12.h3 Re8
{ } ) 11.Ne2 ( 11.Qxc7 { } ) 11...Nd7 ( 11...Rc8 12.Nf4 c5 13.dxc5 Qxc3+
14.bxc3 Rxc5 15.Rd1 Nd7 16.Nxd5 Kf8 17.Rd4 Nb6 18.Nxb6 axb6 19.a4 Rxc3 20.Bb5
Rc1+ 21.Rd1 Rxd1+ 22.Kxd1 Be4 23.Rg1 Bc6 24.Ke2 Bxb5+ 25.axb5 Ra2+ 26.Kf3 Rb2
27.Rc1 Rxb5 28.Rc7 g6 29.Rxb7 Kg7 30.g4 h5 { 1/2-1/2, Korchnoi Viktor 2650 -
Beliavsky Alexander G 2450 , Moscow 1973 Ch URS } ) 12.Ng3 ( 12.Nf4 c5 13.Rd1
Rac8 14.Nxd5 Qd6 15.Nf4 cxd4 16.Qxd4 Qxd4 17.Rxd4 Rc1+ 18.Rd1 Rxd1+ 19.Kxd1
Nc5 20.Bc4 b5 21.Ba2 Rd8+ 22.Ke2 g5 23.Rc1 Na4 24.Nd5 Kg7 25.b4 Be4 26.Nc7
Bd3+ 27.Kf3 Nb2 28.Rc5 Bf1 29.Rd5 Rc8 30.Rc5 Rd8 31.Rc1 Bd3 { ...1/2-1/2,
Burmakin Vladimir 2579 - Sokolov Andrei 2543 , Linares 1999 It (open) } ) (
12.Rc1 Rfd8 13.b4 a5 14.Ng3 axb4 15.axb4 c6 16.Be2 Ra2 17.O-O Rda8 18.b5 R8a3
19.Qb4 Ra4 20.Qb3 R4a3 21.Qb4 Ra4 22.Qe1 Bc2 23.bxc6 bxc6 24.Qc3 R4a3 25.Qb4
Rb3 26.Qd2 Rbb2 27.Ra1 Qg6 28.Rxa2 Rxa2 29.Qc3 Nb6 30.Qb4 Na4 31.Nh5 Be4 {
...1-0, Chernin Alexander 2600 - Kindermann Stefan 2542 , Austria 1995
Staatsliga 1994/95 } ) ( 12.Qxc7 Rfc8 13.Qf4 { } ) 12...c5 { } ( 12...Be6
13.b4 Rfc8 14.Rc1 a5 15.Be2 c6 16.O-O Qd8 17.Nh5 Bf5 18.b5 cxb5 19.Qb2 Rxc1
20.Rxc1 Rc8 21.Bxb5 Rxc1+ 22.Qxc1 Qb6 23.a4 g6 24.Nf4 Nf6 25.h3 Qd6 26.Qc3 b6
27.f3 { 1/2-1/2, Lautier Joel 2465 - Arlandi Ennio 2431 , Haifa 1989 Ch Europe
(team) } ) ( 12...Rfc8 13.b4 ( 13.Nxf5 Qxf5 14.Bd3 Qe6 15.Qc2 { } ) 13...c6
14.Be2 b5 15.O-O Nb6 16.f3 Bg6 17.f4 Be4 18.f5 Re8 19.Rf4 Qd6 20.Raf1 Nd7
21.Rc1 Rac8 22.Nh5 Kh8 23.Qe1 g5 24.Rf1 Nf6 25.Nxf6 Qxf6 26.Qg3 Kh7 27.Rc3 a6
28.h3 Kg7 29.h4 Rg8 30.h5 Rge8 31.Bg4 Re7 32.Qe1 { ...1-0, Kiriakov Petr 2560
- Nielsen Paul E, Vejle 1993 Ch Europe (juniors) } ) 13.Be2 { N } ( 13.Nxf5
Qxf5 14.Bd3 ( 14.dxc5 d4 15.Qxd4 Nxc5 16.g4 Qf3 17.Rg1 Ne4 18.Rg2 Rad8 19.Qe5
Nd2 20.Qf5 Qc6 21.Rg3 Ne4 22.Rg2 Nd2 23.Rg3 Qh1 24.Ke2 Nb3 25.Rb1 Rfe8 26.Qf4
Qd5 27.Rg1 Nd4+ 28.Ke1 Nf3+ { 0-1, Effert Kai 2275 - Delanoy Arnaud 2211 ,
Kecskemet 1990 It (open) } ) 14...Qf6 ( 14...Qg4 15.O-O cxd4 16.Qxd4 Qxd4
17.exd4 Rfc8 18.Rfc1 Nf8 19.Bf5 Ne6 20.Bxe6 fxe6 21.f4 Kf7 22.Kf2 Ke7 23.Ke3
Kd6 24.b3 { 1/2-1/2, Arlandi Ennio 2435 - Kotronias Vasilios 2550 , Debrecen
1992 Ch Europe (team) } ) 15.O-O Rfc8 16.Rac1 c4 17.Bb1 b5 18.f3 a5 19.e4 b4
20.axb4 axb4 21.Qe3 Qb6 22.e5 Nf8 23.f4 c3 24.bxc3 bxc3 25.f5 Rc4 26.Rxc3 Qxd4
27.Qxd4 Rxd4 28.Re1 Rd2 29.Rd3 Rxd3 30.Bxd3 Re8 31.Kf2 g6 32.g4 Re7 {
...1/2-1/2, Ivanov Sergey 2550 - Yemelin Vasily 2510 , St. Petersburg 1998 Ch
Russia } ) 13...cxd4 14.Qxd4 Qxd4 15.exd4 Be6 16.Rc1 f5 17.f4 Nf6 18.Bd3 Ne4
19.Bxe4 { ?! } ( 19.Ke2 { !? } 19...Rae8 20.Ke3 Nd6 21.Rhe1 { } ) 19...dxe4
20.Kf2 Rad8 21.Ke3 Rd5 22.Ne2 Rfd8 23.Rc7 Rb5 { ?! } ( 23...R5d7 { !? }
24.Rhc1 Kf7 25.Rxd7+ Rxd7 { } ) 24.b4 Rb6 25.Rhc1 Ra6 26.R1c3 Bd5 27.Re7 { ?!
} ( 27.g4 { !? } 27...fxg4 28.f5 Rf6 29.Nf4 { } ) 27...b5 { ?! } ( 27...h5 {
!? } 28.h3 g6 29.g3 b5 { } ) 28.Re5 { ?! } ( 28.g4 { !? } 28...fxg4 29.f5 Kf8
30.Re5 { } ) 28...g6 29.g4 fxg4 30.Ng3 h5 31.Nxe4 Bxe4 { ?! } ( 31...h4 { !? }
32.Nf2 g3 33.hxg3 hxg3 { } ) 32.Kxe4 Rad6 33.d5 Kf7 34.Kd4 R6d7 { ?! } (
34...R8d7 { !? } 35.Ke4 Ra6 36.Rc6 Rxa3 { } ) 35.Rc6 Rh8 { ? } ( { ? } 35...h4
36.Rg5 g3 37.hxg3 h3 { } ) 36.Rg5 Rhd8 37.Kc5 h4 38.Kd4 g3 39.hxg3 hxg3 { ? }
( { ? } 39...h3 40.Rgxg6 Rxd5+ 41.Ke4 Rd3 { } ) 40.Rc5 a6 41.Rxg3 Rd6 42.Rc7+
Kf8 43.Rg5 Rf6 44.Ke4 a5 45.Rc6 Kf7 46.Re5 axb4 47.axb4 { } {#r} 1-0

[Event "It (blitz) (qual)"]
[Site "masterchessopen.com Internet"]
[Date "2004.06.02"]
[Round "9"]
[White "Kiriakov Petr (RUS)"]
[Black "Vasilevich Tatjana (UKR)"]
[Result "1-0"]
[WhiteElo "2555"]
[BlackElo "2384"]

1.d4 Nf6 2.c4 e6 3.Nc3 Bb4 4.Qc2 d5 5.cxd5 exd5 6.Bg5 O-O 7.e3 h6 8.Bh4 c5
9.dxc5 g5 10.Bg3 Ne4 11.Ne2 Qa5 12.a3 Bxc3+ 13.Nxc3 Qb5 14.Bxb5 {#r} 1-0

[Event "It \"]
[Site "masterchessopen.com Copenhagen (Denmark)"]
[Date "2004.07.27"]
[Round "5"]
[White "Bjerke Silje (NOR)"]
[Black "Moen Andreas (NOR)"]
[Result "0-1"]
[WhiteElo "2142"]
[BlackElo "2236"]

1.d4 Nf6 2.c4 e6 3.Nc3 Bb4 4.Qc2 d5 5.cxd5 exd5 6.Bg5 h6 7.Bh4 g5 8.Bg3 c5
9.dxc5 Ne4 10.e3 Qa5 11.Ne2 Bf5 12.Be5 O-O 13.Nd4 Nd7 14.Nxf5 Nxe5 15.Ne7+ Kg7
16.Nxd5 Bxc3+ 17.Nxc3 Nxc3 18.bxc3 Rac8 19.h4 Rxc5 20.Rc1 Rfc8 21.Kd2 Rxc3
22.Qxc3 Rxc3 23.Rxc3 Qxa2+ 24.Rc2 Qa5+ 25.Kd1 b5 26.Be2 b4 27.hxg5 b3 28.gxh6+
Kh7 29.Rc1 b2 30.Rb1 Qc3 31.Rh4 Nd3 32.Bf3 Qc1+ 33.Rxc1 bxc1=Q+ 34.Ke2 Qc2+
35.Kf1 Qxf2# 0-1

[Event "It (open)"]
[Site "masterchessopen.com Figueres (Spain)"]
[Date "2004.08.11"]
[Round "3"]
[White "Poyato Sala Josep Albert (ESP)"]
[Black "Dobrev Nanko (BUL)"]
[Result "0-1"]
[WhiteElo "2205"]
[BlackElo "2416"]

1.d4 Nf6 2.c4 e6 3.Nc3 Bb4 4.Qc2 d5 5.cxd5 exd5 6.Bg5 h6 7.Bh4 c5 8.dxc5 Nc6
9.e3 g5 10.Bg3 Ne4 11.Ne2 Bf5 12.Qc1 Nxc5 13.Nd4 Nd3+ 14.Bxd3 Bxd3 15.Qd2 Ba6
16.Nxc6 bxc6 17.Qd4 Bxc3+ 18.Qxc3 O-O 19.Qxc6 Qa5+ 20.Qc3 Qb5 21.Qd2 d4 22.a4
Qc4 23.b4 Rfd8 24.b5 dxe3 25.Qxe3 Re8 26.Be5 Bb7 27.Rc1 Qd5 {#R} 0-1

[Event "It (cat.9)"]
[Site "masterchessopen.com Alushta (Ukraine)"]
[Date "2004.09.01"]
[Round "7"]
[White "Kuzubov Yuriy (UKR)"]
[Black "Alexikov Alexander (UKR)"]
[Result "1-0"]
[WhiteElo "2530"]
[BlackElo "2347"]

1.d4 Nf6 2.c4 e6 3.Nc3 Bb4 4.Qc2 d5 5.cxd5 exd5 6.Bg5 h6 7.Bh4 c5 8.dxc5 g5
9.Bg3 Ne4 10.e3 Qa5 11.Ne2 Bf5 12.Be5 Nxc3 13.Qxf5 Nxe2+ 14.Kxe2 O-O 15.Kf3
Nc6 16.Bf6 Rfe8 17.Bd3 {#r} 1-0

[Event "It (c)"]
[Site "masterchessopen.com Budapest (Hungary)"]
[Date "2004.09.11"]
[Round "8"]
[White "Woodward Timothy DM (ENG)"]
[Black "Fodor Tamas Jr (HUN)"]
[Result "1-0"]
[WhiteElo "2307"]
[BlackElo "2169"]

1.d4 Nf6 2.c4 e6 3.Nc3 Bb4 4.Qc2 d5 5.cxd5 exd5 6.Bg5 h6 7.Bxf6 Qxf6 8.a3
Bxc3+ 9.Qxc3 c6 10.e3 Bf5 11.Bd3 Nd7 12.Nf3 O-O 13.O-O Bg4 14.Nd2 Qg5 15.Kh1
f5 16.f3 Bh5 17.Rae1 Bg6 18.f4 Qe7 19.Nf3 Nf6 20.Ne5 Bh7 21.Qc2 Qe6 22.Rg1 g6
23.h3 g5 24.Qf2 Kh8 25.Ref1 g4 26.Qh4 gxh3 27.gxh3 Ng8 28.Rf2 Ne7 29.Rfg2 Rf6
30.Rg7 Rg8 31.Qxf6 Qxf6 32.Nf7+ Qxf7 33.Rxf7 {#r} 1-0

[Event "Ch Spain (seniors) (open)"]
[Site "masterchessopen.com Calvia (Spain)"]
[Date "2004.10.17"]
[Round "6"]
[White "Loktiev Ivan (RUS)"]
[Black "Pons Boscana Gabriel (ESP)"]
[Result "0-1"]
[WhiteElo "2410"]
[BlackElo "2253"]

1.d4 Nf6 2.c4 e6 3.Nc3 Bb4 4.Qc2 d5 5.cxd5 exd5 6.Bg5 O-O 7.e3 h6 8.Bh4 Nc6
9.Bd3 Re8 10.Ne2 Be7 11.a3 Qd7 12.h3 Nd8 13.g4 Ne6 14.Bf5 a6 15.Bg3 Qc6 16.f4
Bd7 17.Rg1 Rad8 18.Bf2 Nf8 19.Bd3 Qe6 20.f5 Qc6 21.h4 Bd6 22.g5 hxg5 23.hxg5
Ne4 24.Bxe4 Rxe4 25.f6 Rg4 26.O-O-O g6 27.Qb3 Be6 28.Kb1 Nh7 29.e4 Nxg5 30.e5
Bf8 31.Rxg4 Bxg4 32.Rg1 Nf3 33.Rd1 Bh6 34.Ka1 Nd2 35.Qa2 Bxe2 36.Nxe2 Qc2 {#R}
0-1

[Event "Olympiad"]
[Site "masterchessopen.com Calvia (Spain)"]
[Date "2004.10.17"]
[Round "2"]
[White "Kozul Zdenko (CRO)"]
[Black "Adams Michael (ENG)"]
[Result "0-1"]
[WhiteElo "2640"]
[BlackElo "2740"]

{ } 1.d4 { 1 } 1...Nf6 2.c4 e6 3.Nc3 Bb4 4.Qc2 d5 5.cxd5 exd5 6.Bg5 c5 7.e3 (
7.dxc5 h6 8.Bxf6 Qxf6 9.e3 O-O 10.Ne2 Nc6 11.a3 Bf5 12.Qd2 Bxc5 13.Nxd5 Qe5
14.Rc1 Bd6 15.Ng3 Rad8 16.Bc4 Be4 17.f4 Qe8 18.Nxe4 Qxe4 19.Qc2 Qxc2 20.Rxc2
Na5 21.Ba2 Rc8 22.Kd2 Rxc2+ 23.Kxc2 Rc8+ 24.Kd3 Nc6 25.e4 Kf8 26.e5 Bb8 {
...1-0, Stohl Igor 2545 - Korchnoi Viktor 2625 , Tilburg 1993 It "Interpolis"
} ) 7...cxd4 ( 7...Nc6 8.dxc5 d4 9.O-O-O Bxc5 10.Nf3 O-O 11.Bxf6 gxf6 12.Nxd4
Bxd4 13.exd4 Nb4 14.Qb3 a5 15.a3 Bf5 16.axb4 axb4 17.Qxb4 { 1-0, Lazarev
Vladimir 2478 - Benen Samson 2190 , Stratton Mountain 2000 It (open) } ) (
7...Nbd7 8.Nf3 Qa5 9.Nd2 Ne4 10.Ncxe4 cxd4 11.Ng3 f6 12.Bf4 g5 13.Bc7 Bxd2+
14.Kd1 Nb6 15.Qxd2 Qxd2+ 16.Kxd2 dxe3+ 17.fxe3 Nc4+ 18.Bxc4 dxc4 19.Rhf1 Rf8
20.Ne4 { 1-0, Peralta Fernando 2516 - Baron Rodriguez Jesus 2415 , Bratislava
1993 Ch World (juniors) (under 14) } ) 8.exd4 Nc6 ( 8...O-O 9.Bd3 h6 10.Bh4
Nc6 11.Ne2 Be6 12.O-O Rc8 13.Rad1 Be7 14.Bf5 Bxf5 15.Qxf5 Qd7 16.Qf3 Rfd8
17.Rfe1 Nh7 18.Bxe7 Nxe7 19.Nf4 Nf6 20.h3 b5 21.Nd3 Ng6 22.Ne5 Qb7 23.Nxg6
fxg6 24.Qd3 b4 25.Na4 Qf7 26.Nc5 Re8 27.b3 Nh5 28.g3 { ...1/2-1/2, Baburin
Alexander 2515 - Lalic Susan 2375 , Isle of Man 1994 It (open) } ) 9.Bb5 h6 {
N } ( 9...O-O 10.Ne2 Qb6 11.Bxc6 Qxc6 12.f3 Nd7 { 1/2-1/2, Adla Diego 2445 -
Marciano David 2470 , Ubeda 1997 It (open) } ) 10.Bh4 O-O ( 10...g5 11.Bg3 Ne4
12.Ne2 Bf5 13.Qa4 O-O 14.O-O Bxc3 15.Nxc3 Nxc3 16.bxc3 Na5 17.Rfe1 a6 18.Bf1
b5 19.Qb4 Nc4 20.a4 Qd7 21.Re7 Qc6 22.Rc7 Qe6 23.Re7 Qc6 24.Bxc4 bxc4 25.Rae1
Rfe8 26.a5 Rac8 27.h4 Rxe7 28.Rxe7 Re8 29.Qb6 Bd7 30.Rxe8+ { ...1/2-1/2,
Priehoda Vitezslav 2420 - Plachetka Jan 2475 , Prague 1992 Ch Czechoslovakia
(open) } ) 11.Ne2 Qb6 12.Bxf6 Qxb5 13.O-O Qa5 { } ( 13...Bxc3 { !? } 14.Nxc3
Qa5 15.Qd2 gxf6 { } ) 14.Bh4 Re8 15.Rfd1 Be6 16.a3 Bxc3 17.Nxc3 Rac8 18.Qd2
Qa6 19.a4 { } ( 19.b4 { !? } 19...Nb8 20.Re1 Nd7 21.Bg3 { } ) 19...Na5 20.Qc2
{ } ( 20.Qf4 { !? } 20...Nb3 21.Rab1 Rc4 22.f3 { } ) 20...Qb6 21.Ra3 { } (
21.Qd3 { !? } 21...Rc4 22.Qe3 Rec8 23.Qg3 { } ) 21...Rc4 22.Qd2 Nb3 23.Qe3 { }
( 23.a5 { !? } 23...Nxa5 24.Qe2 { } ) 23...Nxd4 24.Nxd5 Qxb2 25.Bf6 Qe2 26.Re1
Bxd5 27.Qxe8+ Qxe8 28.Rxe8+ Kh7 29.h3 gxf6 30.Kh2 Nf5 31.a5 a6 32.Rd3 Bc6
33.Rc8 Re4 34.Rdd8 Ne7 35.Ra8 Re5 36.g4 f5 37.Kg3 Rxa5 38.f3 Ra3 39.Kf4 Ng6+ {
} {#R} 0-1

[Event "It (cat.15)"]
[Site "masterchessopen.com Hoogeveen (Netherlands)"]
[Date "2004.10.17"]
[Round "1"]
[White "Sokolov Ivan (NED)"]
[Black "Short Nigel D (ENG)"]
[Result "1-0"]
[WhiteElo "2663"]
[BlackElo "2687"]

{ Sokolov Ivan (NED) +0 =2 -0 Sokolov Ivan (NED)-Short Nigel D (ENG) +0 =1 -0
} 1.d4 { 1 } 1...Nf6 2.c4 e6 3.Nc3 Bb4 4.Qc2 d5 5.cxd5 exd5 6.Bg5 c5 7.dxc5 (
7.e3 Nc6 8.dxc5 d4 9.O-O-O Bxc5 10.Nf3 O-O 11.Bxf6 gxf6 12.Nxd4 Bxd4 13.exd4
Nb4 14.Qb3 a5 15.a3 Bf5 16.axb4 axb4 17.Qxb4 { 1-0, Lazarev Vladimir 2478 -
Benen Samson 2190 , Stratton Mountain 2000 It (open) } ) ( 7.a3 Bxc3+ 8.Qxc3
cxd4 9.Qxd4 Nc6 10.Qf4 d4 11.Bxf6 Qxf6 12.Qxf6 gxf6 13.g3 Bf5 14.Bh3 Be6
15.Bg2 O-O-O 16.Nh3 Rhe8 17.Nf4 Bc4 18.Bxc6 bxc6 19.Kd2 Kc7 20.Rhc1 Bb5 21.b4
Re5 22.a4 Ba6 23.b5 Bb7 24.bxc6 Ba6 25.Rab1 Rd6 26.Rb4 Bc8 { ...1-0, Drasko
Milan 2471 - Kazhgaleyev Murtas 2598 , Paris 7. 7.2004 Ch Paris (open) } )
7...h6 8.Bh4 ( 8.Bxf6 Qxf6 9.e3 O-O 10.Ne2 Be6 11.a3 Bxc5 12.Nf4 Rc8 13.Nfxd5
Bxd5 14.Nxd5 Bb4+ 15.axb4 Rxc2 16.Nxf6+ gxf6 17.b3 Nc6 18.Bd3 Rb2 19.b5 Nb4
20.Bf5 Rxb3 21.O-O a5 22.bxa6 Rxa6 23.Rab1 Raa3 24.h4 Nd5 25.Bc2 Rb4 26.Rfd1
Rc3 27.Bf5 b6 { ...1/2-1/2, Shipov Sergei 2593 - Lautier Joel 2676 , Internet
17. 4.2004 It (blitz) ACP (final) } ) 8...Nc6 ( 8...g5 9.Bg3 Ne4 10.e3 Qa5
11.Be5 ( 11.Ne2 Bf5 12.Be5 O-O 13.Nd4 Bg6 14.Nb3 Nxc3 15.Bxc3 Bxc2 16.Nxa5
Bxc3+ 17.bxc3 b6 18.Kd2 bxa5 19.Kxc2 Rc8 20.h4 Nd7 21.hxg5 Nxc5 22.gxh6 Ne4
23.c4 Nxf2 24.Rh4 f5 25.Rd4 dxc4 26.Bxc4+ Kh7 27.Rf1 Ng4 28.Kd2 { ...1-0,
Kasparov Garry 2805 - Short Nigel D 2655 , London 1993 Ch World (match) (PCA)
} ) 11...O-O 12.Bd3 Nc6 13.Bxe4 Nxe5 14.Bh7+ Kg7 15.Bd3 d4 16.exd4 Bxc3+
17.bxc3 Nxd3+ 18.Qxd3 Bf5 19.Qc4 Rfe8+ 20.Kd2 b5 21.Qb4 Qc7 22.Ne2 a5 23.Qb2
Bg6 24.h4 Qc6 25.f3 b4 26.Rae1 Rad8 27.cxb4 Qf6 28.h5 { ...1/2-1/2, Sokolov
Ivan 2630 - Short Nigel D 2645 , Wijk aan Zee 1995 It (open) "Hoogovens" } )
9.e3 g5 10.Bg3 Ne4 { ? } 11.a3 ( 11.Nf3 Qf6 12.Bb5 Nxc3 13.Bxc6+ bxc6 14.a3 g4
15.Be5 Ne4+ 16.axb4 Qf5 17.Bxh8 gxf3 18.Rg1 Qg4 19.Qd1 Ng5 20.Qd4 Ne4 21.Qe5+
Be6 22.Qf4 Qg6 23.Qxf3 f6 24.Qf4 Kf7 25.f3 Ng5 26.Kd2 Qf5 27.h4 Qxf4 28.exf4
Nh7 29.g4 { 1-0, Kasparov Garry 2800 - Spassky Boris V 2560 , Linares 1990 It
(cat.16) } ) 11...Bxc3+ { N } ( 11...Qa5 12.Ne2 Bg4 ( 12...Bf5 13.Qc1 Nxc5
14.axb4 Nd3+ 15.Kd2 Qxb4 16.Ra4 Qc5 17.Qc2 Bg6 18.Qb3 Ndb4 19.Rxb4 Nxb4
20.Qa4+ Nc6 21.Qb5 Qe7 22.Nd4 O-O 23.Nxd5 Qd8 24.Bc7 Qc8 25.Nxc6 bxc6 26.Qxc6
Kg7 27.f3 f6 28.Ba6 Be8 29.Qd6 Qd7 30.Qxd7+ Bxd7 31.Rc1 { ...1-0, Huzman
Alexander 2580 - Rogovski Vladimir 2460 , Vilnius 1995 Cup European Club } )
13.Qc1 Nxc5 14.axb4 Nd3+ 15.Kd2 Qxb4 16.Ra4 Qb3 17.Qb1 Rc8 18.Qa2 Qxb2+
19.Qxb2 Nxb2 20.Ra1 O-O 21.Nd4 Nxd4 22.exd4 a6 23.Ra2 Nc4+ 24.Bxc4 Rxc4 25.Ra4
b5 26.Rxc4 dxc4 27.Nd5 Be6 28.Nf6+ Kg7 29.Be5 Kg6 30.Kc3 a5 31.d5 { ...1-0,
Ruzele Darius 2520 - Lerner Konstantin Z 2580 , Cappelle la Grande 1996 It
(open) } ) 12.bxc3 Qa5 13.Bd3 { } 13...Nxg3 { } ( 13...Bf5 { !? } 14.Bd6 b6
15.Ne2 bxc5 { } ) 14.hxg3 d4 15.exd4 Nxd4 16.Qb2 Bd7 17.Kf1 Ne6 18.Qxb7 Qxc3
19.Rd1 Rd8 20.Ne2 Qxa3 21.c6 Bc8 22.Qb1 Ke7 23.g4 { } ( 23.Kg1 { !? } 23...a5
24.g4 Nc5 25.Rh3 { } ) 23...Rd6 24.Rh3 Rhd8 25.Re3 Kf8 26.Kg1 Rxc6 27.Bb5
Rxd1+ 28.Qxd1 Rd6 29.Qb1 Qa5 30.Ng3 Rb6 31.Qb2 Kg8 32.Qc2 Bb7 33.Bc4 Qc5 { } (
33...Qb4 { !? } 34.Nf5 Qb1+ 35.Qxb1 Rxb1+ { } ) 34.Nf5 Bd5 { ? } ( { ? }
34...Rb4 35.Nxh6+ Kg7 36.Nf5+ Kf6 { } ) 35.Nxh6+ Kf8 36.Qh7 Rb1+ 37.Qxb1 Qxc4
38.Qb8+ { } {#r} 1-0

[Event "Ch France (team) (nat.2) 2004/05"]
[Site "masterchessopen.com France"]
[Date "2004.11.07"]
[Round "3"]
[White "Razafison Ulrich"]
[Black "Bollengier Thierry (FRA)"]
[Result "0-1"]
[WhiteElo "1790"]
[BlackElo "2157"]

1.d4 Nf6 2.c4 e6 3.Nc3 Bb4 4.Qc2 d5 5.cxd5 exd5 6.Bg5 O-O 7.Nf3 Be6 8.e3 h6
9.Bh4 Nbd7 10.Be2 c5 11.dxc5 Qa5 12.O-O Rfc8 13.Nb5 Bxc5 14.Qd3 Bg4 15.Nbd4
Qb6 16.Rab1 Re8 17.b4 Bd6 18.Nb5 Bf8 19.Rfc1 Rac8 20.a3 Bh5 21.Ra1 Bg4 22.h3
Bxf3 23.Bxf3 Ne5 24.Qe2 Ne4 25.Bxe4 dxe4 26.Nd4 g6 27.Bg3 Nd3 28.Rd1 Bg7
29.Rxd3 exd3 30.Qxd3 Rcd8 31.Rd1 a5 32.b5 Rd5 {#R} 0-1

[Event "Hessenliga 2004/05"]
[Site "masterchessopen.com Germany"]
[Date "2004.11.07"]
[Round "3"]
[White "Wagner Andreas (GER)"]
[Black "Schindler Viktor (GER)"]
[Result "1-0"]
[WhiteElo "1957"]
[BlackElo "2107"]

1.d4 Nf6 2.c4 e6 3.Nc3 Bb4 4.Qc2 d5 5.cxd5 exd5 6.a3 Bxc3+ 7.Qxc3 O-O 8.Nf3
Ne4 9.Qc2 Nd7 10.Bf4 c6 11.Nd2 f5 12.f3 Nxd2 13.Qxd2 Re8 14.e3 h6 15.h4 Qe7
16.h5 Nf6 17.O-O-O Qf7 18.Kb1 Nxh5 19.Be5 Nf6 20.Bd3 Nd7 21.Bf4 g5 22.Bg3 Kg7
23.Rde1 a6 24.Qc2 f4 25.Rxh6 Kxh6 26.Rh1+ Kg7 27.Rh7+ Kg8 28.Rxf7 Kxf7 29.Bg6+
Ke7 30.Bxe8 fxg3 31.Bxd7 Bxd7 32.Qg6 g4 33.Qg7+ Kd8 34.Qg8+ Be8 35.Qxg4 Rc8
36.Qg5+ Kc7 37.Qxg3+ Kb6 38.Qd6 a5 39.g4 Ka7 40.f4 b5 41.g5 Bh5 42.f5 Bf3
43.f6 Be4+ 44.Ka2 Rh8 45.f7 {#r} 1-0

[Event "Ch Iceland (team) 2004/05"]
[Site "masterchessopen.com Reykjavik (Iceland)"]
[Date "2004.11.19"]
[Round "1"]
[White "Bjornsson Eirikur K (ISL)"]
[Black "Einarsson Bergsteinn (ISL)"]
[Result "0-1"]
[WhiteElo "2030"]
[BlackElo "2243"]

1.d4 Nf6 2.c4 e6 3.Nc3 Bb4 4.Qc2 d5 5.cxd5 exd5 6.Bg5 O-O 7.e3 c5 8.Bd3 h6
9.Bh4 cxd4 10.exd4 Nc6 11.Ne2 Be7 12.a3 Be6 13.O-O Rc8 14.Rfe1 a6 15.Bf5 Bxf5
16.Qxf5 g6 17.Qd3 Re8 18.b4 Ne4 19.Bxe7 Rxe7 20.Nxe4 Rxe4 21.f3 Re8 22.Nc3 Qh4
23.Rxe8+ Rxe8 24.Nxd5 Re1+ 25.Rxe1 Qxe1+ 26.Qf1 Qe6 27.Nb6 Nxd4 28.Na4 Qe3+
29.Qf2 Qc1+ 30.Qf1 Qxa3 31.Qc4 Qe3+ 32.Kf1 b5 33.Qc8+ Kg7 34.Qc3 Qe2+ 35.Kg1
Qe5 {#R} 0-1

[Event "It (open) (b)"]
[Site "masterchessopen.com Prague (Czech Republic)"]
[Round "9"]
[White "Slajs Vlastimil (CZE)"]
[Black "Orlova Inna (ITA)"]
[Result "0-1"]
[WhiteElo "2057"]
[BlackElo "2017"]

1.d4 Nf6 2.c4 e6 3.Nc3 Bb4 4.Qc2 d5 5.cxd5 exd5 6.Bg5 O-O 7.a3 Bd6 8.Nxd5 Nbd7
9.e3 c6 10.Nxf6+ Nxf6 11.Bd3 Qa5+ 12.Qd2 Qxg5 13.f4 Qh5 14.Nf3 Re8 15.O-O-O
Bf5 16.Be2 Qh6 17.h3 Rxe3 18.Ne5 Rxa3 19.b4 Ne4 {#R} 0-1

[Event "Oberliga East B 2004/05"]
[Site "masterchessopen.com Germany"]
[Date "2005.01.15"]
[Round "6"]
[White "Stimpel Franz (GER)"]
[Black "Jakel Wolfgang (GER)"]
[Result "1-0"]
[WhiteElo "2289"]
[BlackElo "2260"]

1.d4 Nf6 2.c4 e6 3.Nc3 Bb4 4.Qc2 d5 5.cxd5 exd5 6.Bg5 c6 7.a3 Be7 8.e3 O-O
9.Bd3 Nbd7 10.Nf3 Re8 11.O-O a5 12.Rab1 h6 13.Bh4 c5 14.dxc5 Nxc5 15.Bb5 Bd7
16.Bxd7 Ncxd7 17.Rfd1 Nb6 18.Nd4 Ne4 19.Bxe7 Qxe7 20.Ndb5 Rac8 21.Qe2 Red8
22.Rd4 Rc4 23.Rbd1 Rxd4 24.Rxd4 Nf6 25.Qd1 Rc8 26.h3 Qe5 27.Ne2 Nc4 28.b3 Nb6
29.a4 Ne4 30.Nf4 Nf6 31.Qd2 Ne4 32.Qd1 Rd8 33.Nd3 Qf6 34.Qe1 Rc8 35.f3 Ng5
36.Qxa5 Rc2 37.Ne1 Re2 38.Qc3 Ne4 39.Qc1 Qh4 40.Nd3 Qg3 41.Qf1 Rxe3 42.fxe4
dxe4 43.Rd8+ Kh7 44.Qf5+ Qg6 45.Qxg6+ fxg6 46.Nc5 {#r} 1-0

[Event "Ch England (team) 2004/05"]
[Site "masterchessopen.com England"]
[Date "2005.01.23"]
[Round "6"]
[White "Devereaux Maxim (ENG)"]
[Black "Emms John M (ENG)"]
[Result "0-1"]
[WhiteElo "2344"]
[BlackElo "2502"]

1.d4 Nf6 2.c4 e6 3.Nc3 Bb4 4.Qc2 d5 5.cxd5 exd5 6.Bg5 c5 7.dxc5 h6 8.Bh4 g5
9.Bg3 Ne4 10.e3 Qa5 11.Ne2 Bf5 12.Be5 O-O 13.Nd4 Nxc3 14.Nxf5 Ne4+ 15.Kd1 Nc6
16.Bd4 Nxd4 17.exd4 Be1 18.Nxh6+ Kh8 19.Kc1 Rac8 20.Kb1 Bxf2 21.Bd3 Bxd4
22.Bxe4 dxe4 23.h4 Rxc5 24.Qxe4 Qd2 25.Nxf7+ Kg7 {#R} 0-1